Blcha Teo

Bibliographic Details
Main Author: Macurová, Katarína, 1983- (Author)
Corporate Author: Najkrajšie knihy Slovenska (Kategória: Detská literatúra., Diplom)
Format: Conference Proceeding Book
Language:Slovak
PhysicalDescription:1 nestránkovaný zväzok ilustrácie 27 cm
Published: Bratislava Albatros Albatros Media Slovakia 2018
ISBN:9788056606254
Edition:1. vydanie
Subjects:

MARC

LEADER 00000cam a2200000 4500
001 vtls011779305
003 SK-MaSNL
005 20260301100139.0
008 200205s2018 xo a ar 000 f slo
015 |a SNBA2018/11 
020 |a 9788056606254  |q (viazané) 
035 |a urn:nbn:sk:snk-am00d8b3 
035 |a urn:nbn:sk:snk-am3ht2f 
035 |a 826B9026-9D86-4E2B-BC61-DCD88429D789 
038 |a PPPK 
040 |a SNK  |b slo  |c SNK  |e rda 
041 0 |a slo 
044 |a xo  |c SK 
072 7 |a 821.162.4-3  |x Slovenská próza  |2 konspekt 
080 |a 821.162.4-34  |2 2011 
080 |a 82-93-053.4/.5  |2 2011 
080 |a 82-34:808.1  |2 2011 
100 1 |a Macurová, Katarína,  |d 1983-  |4 aut  |9 135171 
245 1 0 |a Blcha Teo  |c Katarína Macurová 
250 |a 1. vydanie 
264 1 |a Bratislava  |b Albatros  |b Albatros Media Slovakia  |c 2018 
300 |a 1 nestránkovaný zväzok  |b ilustrácie  |c 27 cm 
336 |a text  |b txt  |2 rdacontent 
336 |a statický obraz  |b sti  |2 rdacontent 
337 |a bez média  |b n  |2 rdamedia 
338 |a zväzok  |b nc  |2 rdacarrier 
655 7 |a slovenské rozprávky  |2 SNKPH  |9 70528 
655 7 |a literatúra pre deti  |2 SNKPH  |9 87135 
655 7 |a autorské rozprávky  |2 SNKPH  |9 70727 
655 7 |a Slovak fairy tales  |2 SNKPH  |9 292250 
655 7 |a Children's literature  |2 SNKPHeng  |9 276039 
655 7 |a Author fairy tales  |2 SNKPHeng  |9 283778 
711 2 |a Najkrajšie knihy Slovenska  |n (XXVII. (55.) :  |d 2018  |c Bratislava, Slovensko).  |e Kategória: Detská literatúra.  |e Diplom  |9 432533 
852 |a Slovenská národná knižnica 
919 |a 978-80-566-0625-4 
954 |a beletria pôvodná (slovenská)  |2 lita 
954 |a ilustrované knihy, leporelá, komiksy pôvodné (slovenské)  |2 lita 
958 |a LX 
958 |a DB 
999 |c 685342  |d 687272 
952 |a SNK  |b SNK  |y PREZ  |7 0  |p 17A1350063  |o snkSB 93397  |i snk2018/25086  |8 0  |0 0  |1 0  |4 0  |d 2018-11-23  |f 1  |l 0  |r 2025-05-15 00:00:00  |w 2026-02-23 
952 |a SNK  |b SNK  |y VYP  |7 0  |p 17A1350064  |o snkSB 93397 D1  |i snk2018/25088  |8 0  |0 0  |1 0  |4 0  |d 2018-11-23  |l 0  |r 2026-02-23 20:10:14  |w 2026-02-23